00711nam a2200145Ia 4500008004100000020001800041100004300059245012900102260002700231650001200258650014100270856004200411999001900453952009300472171212s9999 xx 000 0 und d a9780833037626 aWolf, Charles Jr.;Akramov, Kamiljon T. cWolf, Charles Jr.;Akramov, Kamiljon T.aNorth Korean ParadoxesbCircumstances, Costs, and Consequences of Korean Unification bRAND Corporationc2005 aHistory aKorean reunification question(1945- ); Korea(North) -- Economic policy; Korea(North) -- Politics and government; Security, International uwww.jstor.org/stable/10.7249/mg333osd c352368d352368 001040aCLbCLd2017-12-12l0oDS917.444.W65 2005r2017-12-12 00:00:00w2017-12-12yCBE